[Event "Mesterskab"]
[Site "Aarhus"]
[Date "2000.??.??"]
[Round "6"]
[White "Hansen, Bjarne"]
[Black "Petersen, Tom Petri"]
[Result "1-0"]
[WhiteElo "2194"]
[BlackElo "2107"]
[PlyCount "141"]
[EventDate "2000.02.??"]
[EventType "tourn"]
[EventRounds "7"]
[EventCountry "DEN"]
[SourceTitle "EXT 2001"]
[Source "ChessBase"]
[SourceDate "2000.11.22"]

1. b3 e5 2. Bb2 d6 3. e3 g6 4. d4 Nd7 5. Nf3 Bg7 6. c4 Ne7 7. Qc2 O-O 8. Be2
exd4 9. Nxd4 Ne5 10. Nd2 N7c6 11. O-O Nxd4 12. Bxd4 Nc6 13. Bc3 Qe7 14. Rac1
Bf5 15. Qb2 Bxc3 16. Qxc3 Qe5 17. a3 Rab8 18. b4 Qxc3 19. Rxc3 b6 20. f4 a5 21.
b5 Nd8 22. e4 Bd7 23. f5 f6 24. h4 gxf5 25. exf5 Kh8 26. Ne4 Nb7 27. g4 Nc5 28.
Nxc5 bxc5 29. Re3 Rfe8 30. Rff3 Kg7 31. Kf2 Kf7 32. Rxe8 Rxe8 33. Re3 Rxe3 34.
Kxe3 h5 35. Bf3 hxg4 36. Be4 Kg7 37. Kf4 g3 38. Kxg3 d5 39. Bxd5 Bxf5 40. Kf4
Bd3 41. Ke3 Bf1 42. Ke4 Bh3 43. Bc6 Be6 44. Kd3 Bg4 45. Ke3 Be6 46. Bd5 Bh3 47.
Bf3 Kh6 48. Be2 Kg6 49. Kd2 Kh6 50. Kc3 f5 51. Kd3 Bg4 52. Bf1 Kh5 53. Ke3 Kxh4
54. Kf4 Kh5 55. Bd3 Kg6 56. Ke5 Kg5 57. Kd5 Bf3+ 58. Kxc5 Kf6 59. b6 cxb6+ 60.
Kxb6 Be4 61. Bf1 f4 62. Kxa5 Ke5 63. Kb6 Bc2 64. c5 f3 65. c6 Kd6 66. c7 Bf5
67. a4 Kd5 68. a5 Kd4 69. a6 Ke3 70. a7 Kf2 71. a8=Q 1-0

[Event "Mesterskab"]
[Site "Aarhus"]
[Date "2000.??.??"]
[Round "2"]
[White "Hansen, Bjarne"]
[Black "Matthiesen, Martin"]
[Result "1-0"]
[WhiteElo "2194"]
[BlackElo "2337"]
[PlyCount "79"]
[EventDate "2000.02.??"]
[EventType "tourn"]
[EventRounds "7"]
[EventCountry "DEN"]
[SourceTitle "EXT 2001"]
[Source "ChessBase"]
[SourceDate "2000.11.22"]

1. f4 c5 2. Nf3 g6 3. c4 Nf6 4. g3 Bg7 5. Bg2 O-O 6. Nc3 d5 7. Qb3 dxc4 8. Qxc4
Nfd7 9. Ng5 Na6 10. d3 h6 11. Nge4 Nb6 12. Qb3 Be6 13. Qd1 Nd5 14. Bd2 Bd4 15.
Qc1 f5 16. Nf2 b6 17. e3 Bf6 18. e4 fxe4 19. Bxe4 Bf7 20. Ng4 Be6 21. f5 gxf5
22. Nxh6+ Kh8 23. Nxf5 Nab4 24. Qd1 Bf7 25. Nh6 e6 26. Nxf7+ Rxf7 27. a3 Nc6
28. Nxd5 exd5 29. Qh5+ Kg8 30. Bxd5 Ne5 31. Bxf7+ Nxf7 32. Qg6+ Bg7 33. Bc3
Qe7+ 34. Kd1 Ne5 35. Bxe5 Qxe5 36. Qe4 Qb8 37. Kc2 a5 38. Rhf1 Ra7 39. Rae1 Qd8
40. Rf5 1-0

[Event "Mesterskab"]
[Site "Aarhus"]
[Date "2000.??.??"]
[Round "1"]
[White "Hansen, Bjarne"]
[Black "Sobjerg, Erik"]
[Result "0-1"]
[WhiteElo "2194"]
[BlackElo "2260"]
[PlyCount "80"]
[EventDate "2000.02.??"]
[EventType "tourn"]
[EventRounds "7"]
[EventCountry "DEN"]
[SourceTitle "EXT 2001"]
[Source "ChessBase"]
[SourceDate "2000.11.22"]

1. b3 e5 2. Bb2 d6 3. e3 g6 4. d4 Bg7 5. dxe5 Nd7 6. c4 Nxe5 7. Nc3 Nf6 8. Be2
O-O 9. Nf3 c6 10. Qd2 Qa5 11. Rd1 Bg4 12. a3 Rad8 13. b4 Qc7 14. Qc1 Rfe8 15.
Nxe5 dxe5 16. Bxg4 Nxg4 17. h3 Nh6 18. O-O Qe7 19. Rxd8 Rxd8 20. Rd1 f5 21. c5
Nf7 22. Rxd8+ Qxd8 23. Qd1 Qxd1+ 24. Nxd1 e4 25. Bxg7 Kxg7 26. Nb2 Ne5 27. Kf1
Kf6 28. Ke2 Ke6 29. Kd2 Kd5 30. Kc3 g5 31. Kb3 h5 32. Kc3 h4 33. Nd1 Nd3 34. f3
Ne1 35. Kd2 Nxg2 36. Ke2 exf3+ 37. Kxf3 Ne1+ 38. Ke2 Nc2 39. Nc3+ Kc4 40. e4
Kxc3 0-1

[Event "Mesterskab"]
[Site "Aarhus"]
[Date "2000.??.??"]
[Round "3"]
[White "Leimand, Jens Christian"]
[Black "Petersen, Tom Petri"]
[Result "1/2-1/2"]
[WhiteElo "2132"]
[BlackElo "2107"]
[PlyCount "48"]
[EventDate "2000.02.??"]
[EventType "tourn"]
[EventRounds "7"]
[EventCountry "DEN"]
[SourceTitle "EXT 2001"]
[Source "ChessBase"]
[SourceDate "2000.11.22"]

1. d4 g6 2. c4 Bg7 3. Nc3 d6 4. e4 Nf6 5. Nf3 O-O 6. Be2 e5 7. O-O Nc6 8. d5
Ne7 9. b4 Nh5 10. Re1 Nf4 11. Bf1 f5 12. c5 fxe4 13. Nxe4 Bg4 14. cxd6 cxd6 15.
Qb3 Kh8 16. Bxf4 Rxf4 17. Nfg5 h6 18. Ne6 Bxe6 19. dxe6 d5 20. Rad1 Qb6 21.
Rxd5 Nxd5 22. Qxd5 Raf8 23. e7 Re8 24. g3 Rxe4 1/2-1/2

[Event "Mesterskab"]
[Site "Aarhus"]
[Date "2000.??.??"]
[Round "4"]
[White "Matthiesen, Martin"]
[Black "Pedersen, Bjarne"]
[Result "1-0"]
[WhiteElo "2337"]
[BlackElo "2164"]
[PlyCount "69"]
[EventDate "2000.02.??"]
[EventType "tourn"]
[EventRounds "7"]
[EventCountry "DEN"]
[SourceTitle "EXT 2001"]
[Source "ChessBase"]
[SourceDate "2000.11.22"]

1. e4 c6 2. d4 d5 3. exd5 cxd5 4. c4 Nf6 5. Nc3 e6 6. Nf3 Nc6 7. a3 dxc4 8.
Bxc4 Be7 9. O-O O-O 10. Re1 a6 11. Bd3 b5 12. Bc2 Bb7 13. Qd3 g6 14. Bb3 b4 15.
Na4 Na5 16. Bd1 bxa3 17. bxa3 Bc6 18. Bh6 Re8 19. Nc3 Nd5 20. Ne5 Nxc3 21. Qxc3
Bb5 22. a4 Rc8 23. Qf3 f6 24. axb5 fxe5 25. bxa6 exd4 26. Ba4 Qb6 27. Reb1 Qxa6
28. Bxe8 Rxe8 29. Bd2 Bd8 30. Qa3 Qe2 31. Bxa5 Bxa5 32. Qxa5 Rf8 33. Qa2 Rxf2
34. Qxe2 Rxe2 35. Rb7 1-0

[Event "Mesterskab"]
[Site "Aarhus"]
[Date "2000.??.??"]
[Round "3"]
[White "Matthiesen, Martin"]
[Black "Sobjerg, Erik"]
[Result "1/2-1/2"]
[WhiteElo "2337"]
[BlackElo "2260"]
[PlyCount "82"]
[EventDate "2000.02.??"]
[EventType "tourn"]
[EventRounds "7"]
[EventCountry "DEN"]
[SourceTitle "EXT 2001"]
[Source "ChessBase"]
[SourceDate "2000.11.22"]

1. Nf3 Nc6 2. g3 e5 3. d3 d6 4. Bg2 f5 5. e4 Nf6 6. Nh4 fxe4 7. dxe4 g6 8. O-O
Bg7 9. c3 Be6 10. Nd2 O-O 11. Nhf3 h6 12. Qe2 Qd7 13. Nc4 Qf7 14. Nfd2 Rae8 15.
Ne3 Nh5 16. b3 Qd7 17. a4 Rf7 18. Ba3 Ref8 19. Rad1 Bh3 20. Bxh3 Qxh3 21. Qg4
Qxg4 22. Nxg4 Nf6 23. Nxf6+ Bxf6 24. Kg2 Bg5 25. Nc4 Rf3 26. h4 Bd8 27. Ne3 h5
28. Bb2 R3f7 29. f3 Kh7 30. Rd3 g5 31. hxg5 Bxg5 32. b4 h4 33. gxh4 Bxe3 34.
Rxe3 Nd8 35. Bc1 Ne6 36. Rd3 Rg8+ 37. Kf2 Rg4 38. Ke2 Rxh4 39. Rdd1 Rg7 40. Rh1
Rg2+ 41. Kd3 Rxh1 1/2-1/2

[Event "Mesterskab"]
[Site "Aarhus"]
[Date "2000.??.??"]
[Round "1"]
[White "Matthiesen, Martin"]
[Black "Palo, Davor"]
[Result "1/2-1/2"]
[WhiteElo "2337"]
[BlackElo "2163"]
[PlyCount "45"]
[EventDate "2000.02.??"]
[EventType "tourn"]
[EventRounds "7"]
[EventCountry "DEN"]
[SourceTitle "EXT 2001"]
[Source "ChessBase"]
[SourceDate "2000.11.22"]

1. Nf3 Nf6 2. g3 c5 3. Bg2 Nc6 4. O-O g6 5. c4 Bg7 6. d4 cxd4 7. Nxd4 O-O 8.
Nc3 Nxd4 9. Qxd4 d6 10. Qd3 a6 11. Bd2 Rb8 12. Rfd1 Bf5 13. e4 Be6 14. Qe2 Nd7
15. Rac1 b5 16. cxb5 axb5 17. b3 b4 18. Nd5 Bxd5 19. exd5 Re8 20. Rc4 Qa5 21.
a4 Nc5 22. Qe3 Rb7 23. Bf1 1/2-1/2

[Event "Mesterskab"]
[Site "Aarhus"]
[Date "2000.??.??"]
[Round "7"]
[White "Palo, Davor"]
[Black "Hansen, Bjarne"]
[Result "1-0"]
[WhiteElo "2163"]
[BlackElo "2194"]
[PlyCount "127"]
[EventDate "2000.02.??"]
[EventType "tourn"]
[EventRounds "7"]
[EventCountry "DEN"]
[SourceTitle "EXT 2001"]
[Source "ChessBase"]
[SourceDate "2000.11.22"]

1. c4 g6 2. Nc3 Bg7 3. g3 e5 4. Bg2 Nc6 5. e3 Nge7 6. Nge2 d6 7. O-O h5 8. d4
exd4 9. exd4 Nf5 10. Re1 Kf8 11. Ne4 Ncxd4 12. Bg5 Nxe2+ 13. Qxe2 f6 14. Bf4 g5
15. Bd2 Qe8 16. Qd3 Qf7 17. Re2 Bd7 18. Rae1 Re8 19. Nc3 Rxe2 20. Rxe2 Ne7 21.
Nd5 Bf5 22. Qb3 Nxd5 23. Bxd5 Qd7 24. Qxb7 Bh6 25. Qxa7 Kg7 26. Bc3 Kg6 27. Qd4
Bg7 28. Be4 Rb8 29. b3 Bxe4 30. Qxe4+ f5 31. Qe6+ Qxe6 32. Rxe6+ Kf7 33. Re3
Bxc3 34. Rxc3 Ke6 35. Kf1 Ke5 36. Ke2 c6 37. Rd3 d5 38. cxd5 cxd5 39. Rd2 d4
40. Kd3 Kd5 41. Rc2 Ra8 42. a4 Rb8 43. Rb2 Rc8 44. a5 Rc3+ 45. Kd2 f4 46. gxf4
Rf3 47. Ke2 Rxf4 48. a6 Rf7 49. b4 Kc6 50. Ra2 Ra7 51. Ra5 Kb6 52. Kd3 g4 53.
Rxh5 Rf7 54. Ra5 Ka7 55. Ra2 Rf3+ 56. Kxd4 Rf4+ 57. Kc5 Rf5+ 58. Kc6 Rf6+ 59.
Kd7 Rb6 60. Ra4 Rh6 61. b5 Rb6 62. Rb4 Rb8 63. b6+ Kxa6 64. b7 1-0

[Event "Mesterskab"]
[Site "Aarhus"]
[Date "2000.??.??"]
[Round "4"]
[White "Palo, Davor"]
[Black "Leimand, Jens Christian"]
[Result "1-0"]
[WhiteElo "2163"]
[BlackElo "2132"]
[PlyCount "57"]
[EventDate "2000.02.??"]
[EventType "tourn"]
[EventRounds "7"]
[EventCountry "DEN"]
[SourceTitle "EXT 2001"]
[Source "ChessBase"]
[SourceDate "2000.11.22"]

1. d4 d5 2. c4 c6 3. Nc3 Nf6 4. Nf3 dxc4 5. a4 Bf5 6. e3 e6 7. Bxc4 Bb4 8. O-O
O-O 9. Qb3 Qb6 10. Nh4 Bg6 11. Nxg6 hxg6 12. Bd2 Nbd7 13. Ne4 Bxd2 14. Nxd2
Qxb3 15. Nxb3 a5 16. Be2 Rfd8 17. Rfd1 Nb6 18. Nc5 Rab8 19. h3 Nfd7 20. Nd3 Kf8
21. Rdc1 Rbc8 22. f4 Ke7 23. Kf2 Rc7 24. Rc2 Rdc8 25. b3 c5 26. Rac1 Kd6 27. e4
Na8 28. dxc5+ Ke7 29. Rc4 1-0

[Event "Mesterskab"]
[Site "Aarhus"]
[Date "2000.??.??"]
[Round "2"]
[White "Palo, Davor"]
[Black "Pedersen, Bjarne"]
[Result "1-0"]
[WhiteElo "2163"]
[BlackElo "2164"]
[PlyCount "75"]
[EventDate "2000.02.??"]
[EventType "tourn"]
[EventRounds "7"]
[EventCountry "DEN"]
[SourceTitle "EXT 2001"]
[Source "ChessBase"]
[SourceDate "2000.11.22"]

1. c4 g6 2. g3 Bg7 3. Bg2 e5 4. Nc3 Ne7 5. Nf3 Nbc6 6. O-O O-O 7. d3 d6 8. Rb1
f5 9. Bd2 h6 10. b4 Be6 11. b5 Nb8 12. Ne1 c6 13. Qc1 Kh7 14. Nc2 d5 15. bxc6
bxc6 16. cxd5 cxd5 17. Qa3 Nbc6 18. Nb4 e4 19. Na6 Bc8 20. Nc5 Rf7 21. Nb5 Ng8
22. Rfc1 Nd4 23. Nxd4 Bxd4 24. Bc3 Bxc5 25. Qxc5 Be6 26. Qd4 Nf6 27. Qe5 Qd7
28. h3 Rd8 29. Ba5 Qd6 30. Qd4 Rb8 31. Rxb8 Qxb8 32. Rc6 Qe8 33. Rd6 Nd7 34.
Bc3 g5 35. dxe4 fxe4 36. Bxe4+ dxe4 37. Qxe4+ Kg8 38. Qg6+ 1-0

[Event "Mesterskab"]
[Site "Aarhus"]
[Date "2000.??.??"]
[Round "5"]
[White "Pedersen, Bjarne"]
[Black "Sobjerg, Erik"]
[Result "1/2-1/2"]
[WhiteElo "2164"]
[BlackElo "2260"]
[PlyCount "118"]
[EventDate "2000.02.??"]
[EventType "tourn"]
[EventRounds "7"]
[EventCountry "DEN"]
[SourceTitle "EXT 2001"]
[Source "ChessBase"]
[SourceDate "2000.11.22"]

1. d4 d5 2. c4 Nc6 3. cxd5 Qxd5 4. e3 e5 5. Nc3 Bb4 6. Bd2 Bxc3 7. bxc3 Nge7 8.
c4 Qd6 9. d5 Nb8 10. Nf3 Nd7 11. Be2 O-O 12. O-O Nc5 13. Bb4 b6 14. Bc3 Ng6 15.
Qc2 f5 16. Rfe1 Bd7 17. Bb4 Rae8 18. Rac1 e4 19. Nd4 f4 20. Bf1 f3 21. g3 Ne5
22. Ne6 Bxe6 23. Bxc5 bxc5 24. dxe6 Qc6 25. Red1 Rxe6 26. Rd5 Nf7 27. Qb3 Re5
28. Qa3 Rfe8 29. Rcd1 a6 30. Rb1 h5 31. h4 g5 32. Rxe5 Rxe5 33. Rb8+ Kg7 34.
hxg5 h4 35. gxh4 Nxg5 36. Qb2 Nf7 37. Bh3 Qf6 38. Kh2 Qxh4 39. Re8 Qf6 40. Rxe5
Qxe5+ 41. Qxe5+ Nxe5 42. Bf5 Nxc4 43. Bxe4 Nd2 44. Bb7 a5 45. Kg3 c4 46. Bxf3
c3 47. Bd1 Nb1 48. Kf4 Na3 49. Ke4 c2 50. Bxc2 Nxc2 51. Kd5 Nb4+ 52. Kc5 Nxa2
53. Kb5 Kf7 54. Kxa5 Ke7 55. Kb5 Kd6 56. Kc4 Nc1 57. f4 Ne2 58. f5 Ng1 59. Kd4
Nf3+ 1/2-1/2

[Event "Mesterskab"]
[Site "Aarhus"]
[Date "2000.??.??"]
[Round "1"]
[White "Pedersen, Bjarne"]
[Black "Petersen, Tom Petri"]
[Result "1/2-1/2"]
[WhiteElo "2164"]
[BlackElo "2107"]
[PlyCount "84"]
[EventDate "2000.02.??"]
[EventType "tourn"]
[EventRounds "7"]
[EventCountry "DEN"]
[SourceTitle "EXT 2001"]
[Source "ChessBase"]
[SourceDate "2000.11.22"]

1. d4 g6 2. c4 Bg7 3. e4 d6 4. Nc3 Nf6 5. Bd3 Nc6 6. Nge2 e5 7. d5 Nd4 8. Nxd4
exd4 9. Nb5 O-O 10. O-O Re8 11. Re1 a6 12. Nxd4 Nxd5 13. Nc2 Nb6 14. Rb1 Na4
15. Nb4 Bd7 16. Bc2 Nc5 17. f3 Ne6 18. Be3 c5 19. Nd5 Nd4 20. b4 b5 21. Bb3 Be6
22. Kh1 Bxd5 23. cxd5 a5 24. bxc5 dxc5 25. a4 b4 26. Bc4 Rb8 27. Qd3 Qh4 28. g3
Qh5 29. Bxd4 Bxd4 30. f4 f6 31. Kg2 Rbd8 32. h3 g5 33. Rf1 Kh8 34. fxg5 Qxg5
35. Rf5 Qh6 36. Rbf1 Rg8 37. g4 Qh4 38. Qg3 Qh6 39. Qf4 Qxf4 40. R1xf4 Rb8 41.
Rf3 Rge8 42. R5f4 Be5 1/2-1/2

[Event "Mesterskab"]
[Site "Aarhus"]
[Date "2000.??.??"]
[Round "3"]
[White "Pedersen, Bjarne"]
[Black "Hansen, Bjarne"]
[Result "1-0"]
[WhiteElo "2164"]
[BlackElo "2194"]
[PlyCount "121"]
[EventDate "2000.02.??"]
[EventType "tourn"]
[EventRounds "7"]
[EventCountry "DEN"]
[SourceTitle "EXT 2001"]
[Source "ChessBase"]
[SourceDate "2000.11.22"]

1. d4 Nf6 2. Nf3 g6 3. g3 c5 4. c3 b6 5. Bg2 Bb7 6. O-O Bg7 7. Re1 O-O 8. Nbd2
d5 9. Ne5 Nbd7 10. Ndf3 Rc8 11. Bf4 Ne4 12. Bh3 e6 13. Qa4 Nxe5 14. Bxe5 a5 15.
Bxg7 Kxg7 16. Ne5 Rc7 17. Bg2 f6 18. Nf3 Qe7 19. Qb3 Rc6 20. Rad1 Nd6 21. Nd2
cxd4 22. cxd4 f5 23. Nf3 Qc7 24. Ne5 Rc2 25. Nd3 Rc4 26. Ne5 Rb4 27. Rc1 Qe7
28. Qc3 Rc8 29. Qd2 Nc4 30. Nxc4 Rcxc4 31. e3 a4 32. Bf1 Qd6 33. Bxc4 dxc4 34.
d5 Qxd5 35. Qc3+ Kh6 36. e4 Qb5 37. a3 Rxb2 38. Qxc4 Bxe4 39. Qd4 Re2 40. Rxe2
Qxe2 41. Qxb6 Qg4 42. Qe3+ Kh5 43. f4 Bd5 44. Re1 Kh6 45. Qe2 Qh3 46. Rc1 Qh5
47. Qf1 Qg4 48. Rc7 g5 49. Qa1 e5 50. fxg5+ Kg6 51. Qxe5 Qd1+ 52. Kf2 Qd2+ 53.
Qe2 Qd4+ 54. Qe3 Qb2+ 55. Ke1 Be4 56. h4 Qb3 57. h5+ Kxh5 58. Rxh7+ Kg6 59.
Rh6+ Kf7 60. Qa7+ Bb7 61. Qxb7+ 1-0

[Event "Mesterskab"]
[Site "Aarhus"]
[Date "2000.??.??"]
[Round "5"]
[White "Petersen, Tom Petri"]
[Black "Palo, Davor"]
[Result "1/2-1/2"]
[WhiteElo "2107"]
[BlackElo "2163"]
[PlyCount "35"]
[EventDate "2000.02.??"]
[EventType "tourn"]
[EventRounds "7"]
[EventCountry "DEN"]
[SourceTitle "EXT 2001"]
[Source "ChessBase"]
[SourceDate "2000.11.22"]

1. g3 d5 2. Bg2 Nf6 3. d3 e6 4. Nd2 b6 5. e4 Nbd7 6. Ngf3 Bb7 7. O-O dxe4 8.
Ng5 Be7 9. Ndxe4 Nxe4 10. Nxe4 Qc8 11. Qg4 g6 12. Bg5 Bxg5 13. Qxg5 O-O 14. Qh6
Bxe4 15. Bxe4 Rb8 16. Rae1 Qd8 17. h4 Qf6 18. b3 1/2-1/2

[Event "Mesterskab"]
[Site "Aarhus"]
[Date "2000.??.??"]
[Round "7"]
[White "Petersen, Tom Petri"]
[Black "Matthiesen, Martin"]
[Result "0-1"]
[WhiteElo "2107"]
[BlackElo "2337"]
[PlyCount "66"]
[EventDate "2000.02.??"]
[EventType "tourn"]
[EventRounds "7"]
[EventCountry "DEN"]
[SourceTitle "EXT 2001"]
[Source "ChessBase"]
[SourceDate "2000.11.22"]

1. g3 d5 2. Bg2 Nf6 3. d3 c5 4. Nf3 Nc6 5. O-O e6 6. Nbd2 Be7 7. e4 b6 8. Re1
Bb7 9. c3 O-O 10. Qc2 b5 11. Nf1 b4 12. Bg5 h6 13. Bf4 bxc3 14. bxc3 Ba6 15.
Ne5 Nxe5 16. Bxe5 dxe4 17. dxe4 Nd7 18. Rad1 Qc8 19. Bd6 Bxd6 20. Rxd6 Nb6 21.
e5 Bb7 22. Bxb7 Qxb7 23. Qe4 Qxe4 24. Rxe4 Rfd8 25. Ne3 Rxd6 26. exd6 Rd8 27.
Nc4 f5 28. Nxb6 fxe4 29. Nc4 Kf7 30. Kf1 e5 31. Ke2 Ke6 32. Ke3 Kd5 33. Na5 c4
0-1

[Event "Mesterskab"]
[Site "Aarhus"]
[Date "2000.??.??"]
[Round "2"]
[White "Petersen, Tom Petri"]
[Black "Svane, Henrik"]
[Result "1-0"]
[WhiteElo "2107"]
[BlackElo "2172"]
[PlyCount "67"]
[EventDate "2000.02.??"]
[EventType "tourn"]
[EventRounds "7"]
[EventCountry "DEN"]
[SourceTitle "EXT 2001"]
[Source "ChessBase"]
[SourceDate "2000.11.22"]

1. g3 d5 2. Bg2 c6 3. d3 Bg4 4. Nd2 e6 5. Ngf3 Nd7 6. O-O Ngf6 7. e4 dxe4 8.
dxe4 Bc5 9. Qe2 e5 10. Nc4 O-O 11. h3 Bxf3 12. Qxf3 Re8 13. h4 Nf8 14. Bg5 Ne6
15. c3 Nxg5 16. hxg5 Nd7 17. Rad1 Qc7 18. Qh5 b5 19. Nd2 Nf8 20. Bh3 Rad8 21.
Nf3 Qb6 22. Kg2 Rxd1 23. Rxd1 Bxf2 24. Nh2 Bc5 25. Rf1 Qc7 26. b4 Bb6 27. Bf5
g6 28. Qh4 gxf5 29. exf5 Qd7 30. Ng4 Bd8 31. Nf6+ Bxf6 32. gxf6 Qd2+ 33. Rf2
Qxc3 34. Qh6 1-0

[Event "Mesterskab"]
[Site "Aarhus"]
[Date "2000.??.??"]
[Round "6"]
[White "Sobjerg, Erik"]
[Black "Palo, Davor"]
[Result "1-0"]
[WhiteElo "2260"]
[BlackElo "2163"]
[PlyCount "81"]
[EventDate "2000.02.??"]
[EventType "tourn"]
[EventRounds "7"]
[EventCountry "DEN"]
[SourceTitle "EXT 2001"]
[Source "ChessBase"]
[SourceDate "2000.11.22"]

1. e4 c5 2. Nf3 e6 3. Nc3 Nc6 4. d4 cxd4 5. Nxd4 Qc7 6. f4 a6 7. Nxc6 bxc6 8.
Bd3 d5 9. O-O Bc5+ 10. Kh1 Ne7 11. Qh5 Bd4 12. f5 exf5 13. exf5 Bf6 14. Bg5 Qd6
15. Rae1 Kf8 16. Bxf6 Qxf6 17. Na4 Ra7 18. Nc5 Kg8 19. Re6 fxe6 20. fxe6 g6 21.
Qh6 Qg7 22. Qf4 Nf5 23. g4 Qd4 24. Qb8 Qxc5 25. gxf5 Qe7 26. Qxc8+ Qf8 27. Qxc6
gxf5 28. Rxf5 Qd8 29. Rxd5 Qh4 30. Qc8+ Kg7 31. Qc3+ Kh6 32. Qd2+ Kg7 33. Rg5+
Kf8 34. Qe3 Rc7 35. Qe5 Qh3 36. Qf6+ Ke8 37. Qxh8+ Ke7 38. Qg7+ Kd6 39. Qe5+
Kc6 40. Qc5+ Kb7 41. Be4+ 1-0

[Event "Mesterskab"]
[Site "Aarhus"]
[Date "2000.??.??"]
[Round "2"]
[White "Sobjerg, Erik"]
[Black "Leimand, Jens Christian"]
[Result "1-0"]
[WhiteElo "2260"]
[BlackElo "2132"]
[PlyCount "78"]
[EventDate "2000.02.??"]
[EventType "tourn"]
[EventRounds "7"]
[EventCountry "DEN"]
[SourceTitle "EXT 2001"]
[Source "ChessBase"]
[SourceDate "2000.11.22"]

1. e4 d6 2. d4 Nf6 3. Nc3 g6 4. Bg5 Bg7 5. Qd2 h6 6. Be3 Ng4 7. Bf4 Nc6 8. h3
e5 9. dxe5 Ngxe5 10. O-O-O Be6 11. Nd5 a6 12. Be3 Bxd5 13. exd5 Ne7 14. f4 Nd7
15. g4 Nb6 16. Bd4 Bxd4 17. Qxd4 Rg8 18. Bg2 Qd7 19. b3 O-O-O 20. a4 Kb8 21.
Ne2 h5 22. Bf3 Rde8 23. Nc3 hxg4 24. hxg4 f5 25. g5 Nec8 26. a5 Na8 27. Rde1
Qg7 28. Qxg7 Rxe1+ 29. Rxe1 Rxg7 30. Re8 Re7 31. Rg8 Re3 32. Be2 Rxc3 33. Bd3
Rc5 34. c4 Rxa5 35. Rxg6 c6 36. Rg8 cxd5 37. g6 dxc4 38. Rxc8+ Kxc8 39. g7 cxd3
1-0

[Event "Mesterskab"]
[Site "Aarhus"]
[Date "2000.??.??"]
[Round "4"]
[White "Sobjerg, Erik"]
[Black "Petersen, Tom Petri"]
[Result "1/2-1/2"]
[WhiteElo "2260"]
[BlackElo "2107"]
[PlyCount "99"]
[EventDate "2000.02.??"]
[EventType "tourn"]
[EventRounds "7"]
[EventCountry "DEN"]
[SourceTitle "EXT 2001"]
[Source "ChessBase"]
[SourceDate "2000.11.22"]

1. e4 d5 2. exd5 Qxd5 3. Nc3 Qd8 4. Bc4 Nf6 5. d4 c6 6. Nf3 Bf5 7. Ne5 Bg6 8.
h4 Nbd7 9. h5 Nxh5 10. Rxh5 Bxh5 11. Qxh5 Nxe5 12. dxe5 e6 13. Bd2 Qd4 14. Bd3
g6 15. Qe2 Bc5 16. Bg5 Be7 17. Qe3 Qxe3+ 18. Bxe3 Bb4 19. Ke2 Bxc3 20. bxc3 h6
21. Be4 Kd7 22. Rh1 Kc7 23. g3 b6 24. Bxh6 Rh7 25. Bg5 Rxh1 26. Bxh1 Kd7 27.
Be4 a5 28. Kd3 a4 29. Be3 Kc7 30. c4 Rh8 31. Kc3 Ra8 32. c5 b5 33. a3 Rd8 34.
Bf3 Rf8 35. Bg5 Rh8 36. Bh4 Kd7 37. Kb4 Rg8 38. Bf6 Rb8 39. Be4 Kc7 40. Kc3 b4+
41. Kb2 b3 42. cxb3 Rxb3+ 43. Ka2 Rc3 44. Be7 Rc4 45. f3 Rc3 46. Kb2 Rb3+ 47.
Ka2 Rc3 48. Bf8 Kd7 49. g4 Kc7 50. Kb2 1/2-1/2

[Event "Mesterskab"]
[Site "Aarhus"]
[Date "2000.??.??"]
[Round "3"]
[White "Svane, Henrik"]
[Black "Palo, Davor"]
[Result "0-1"]
[WhiteElo "2172"]
[BlackElo "2163"]
[PlyCount "74"]
[EventDate "2000.02.??"]
[EventType "tourn"]
[EventRounds "7"]
[EventCountry "DEN"]
[SourceTitle "EXT 2001"]
[Source "ChessBase"]
[SourceDate "2000.11.22"]

1. d4 Nf6 2. c4 e6 3. Nc3 Bb4 4. Qc2 d5 5. cxd5 exd5 6. Bg5 h6 7. Bh4 c5 8.
dxc5 g5 9. Bg3 Ne4 10. e3 Qa5 11. Be5 O-O 12. Bd3 Bxc3+ 13. Bxc3 Nxc3 14. bxc3
Nc6 15. Ne2 Be6 16. h4 g4 17. Rb1 Rab8 18. Rb5 Qd8 19. Nf4 Qf6 20. Ne2 Rfc8 21.
Qb2 Rc7 22. Nd4 Ne5 23. Be2 Bd7 24. Rb4 Rxc5 25. Rxb7 Rxb7 26. Qxb7 Rxc3 27.
O-O Qd6 28. Qa8+ Kh7 29. Qxa7 g3 30. fxg3 Ra3 31. Qb7 Rxe3 32. Qb1+ Kg8 33. Qc1
Re4 34. Qb2 Qc5 35. Qb8+ Kg7 36. Bh5 Qxd4+ 37. Kh2 Be6 0-1

[Event "Mesterskab"]
[Site "Aarhus"]
[Date "2000.??.??"]
[Round "1"]
[White "Svane, Henrik"]
[Black "Leimand, Jens Christian"]
[Result "1/2-1/2"]
[WhiteElo "2172"]
[BlackElo "2132"]
[PlyCount "49"]
[EventDate "2000.02.??"]
[EventType "tourn"]
[EventRounds "7"]
[EventCountry "DEN"]
[SourceTitle "EXT 2001"]
[Source "ChessBase"]
[SourceDate "2000.11.22"]

1. d4 d5 2. c4 c6 3. Nc3 Nf6 4. Nf3 e6 5. cxd5 exd5 6. Bg5 Be7 7. e3 Nbd7 8.
Bd3 h6 9. Bh4 O-O 10. Qc2 Re8 11. O-O Nf8 12. h3 Ne4 13. Bxe7 Qxe7 14. b4 Ng5
15. Nxg5 hxg5 16. Rab1 g4 17. hxg4 Bxg4 18. Bf5 Qg5 19. Bxg4 Qxg4 20. Qe2 Qh4
21. Qf3 a6 22. Ne2 Re6 23. g3 Qe7 24. Nf4 Rf6 25. Qg2 1/2-1/2